书目信息 |
| 题名: |
忽然七日
|
|
| 作者: | 奥利弗 著 ;孙璐 译 | |
| 分册: | ||
| 出版信息: | 长沙 湖南文艺出版社 2011 |
|
| 页数: | 392页 | |
| 开本: | 21cm | |
| 丛书名: | 最佳译文 | |
| 单 册: | ||
| 中图分类: | I712.45 | |
| 科图分类: | ||
| 主题词: | 长篇小说--ri pian xiao xiao--美国--现代 | |
| 电子资源: | ||
| ISBN: | 978-7-5404-4685-7 | |
| 000 | 01147nam 2200277 450 | |
| 001 | 0100003960 | |
| 005 | 20160926204134.0 | |
| 010 | @a978-7-5404-4685-7@dCNY38.00 | |
| 100 | @a20101221d2011 km y0chiy50 ea | |
| 101 | 1 | @achi@ceng |
| 102 | @aCN@b430000 | |
| 105 | @ay z 000ay | |
| 106 | @ar | |
| 200 | 1 | @a忽然七日@Ahu ran qi ri@d= before I fall@f(美) 劳伦·奥利弗著@g孙璐译@zeng |
| 210 | @a长沙@c湖南文艺出版社@d2011 | |
| 215 | @a392页@d21cm | |
| 225 | 2 | @a最佳译文@Azui jia yi wen@v16 |
| 330 | @a年少时候的张扬与轻狂,往往会变成生命中的错与伤:我们平凡却可贵的人生,错了不会再重来。美丽开朗的十七岁女孩萨曼莎·金斯顿,以为生活中处处都是阳光和欢笑。她喜欢逗弄她胖嘟嘟的小妹妹,喜欢跟母亲拌嘴,喜欢跟好朋友一起去吃冰激凌还有中国菜,喜欢恶作剧,喜欢下课,喜欢收到别人送来的玫瑰,喜欢被大家关注和妒忌,喜欢这年轻美好的生活。 | |
| 410 | 0 | @12001 @a最佳译文@v16 |
| 500 | 10 | @aBefore I fall@mChinese |
| 606 | 0 | @a长篇小说@Ari pian xiao xiao@y美国@z现代 |
| 690 | @aI712.45@v4 | |
| 701 | 1 | @a奥利弗@Aao li fu@g(Oliver, Lauren)@4著 |
| 702 | 0 | @a孙璐@Asun lu@4译 |
| 801 | 0 | @aCN@c20160915 |
| 905 | @a河南城建学院图书馆@dI712.45@eA761 | |
| 忽然七日= before I fall/(美) 劳伦·奥利弗著/孙璐译.-长沙:湖南文艺出版社,2011 |
| 392页;21cm.-(最佳译文;16) |
| ISBN 978-7-5404-4685-7:CNY38.00 |
| 年少时候的张扬与轻狂,往往会变成生命中的错与伤:我们平凡却可贵的人生,错了不会再重来。美丽开朗的十七岁女孩萨曼莎·金斯顿,以为生活中处处都是阳光和欢笑。她喜欢逗弄她胖嘟嘟的小妹妹,喜欢跟母亲拌嘴,喜欢跟好朋友一起去吃冰激凌还有中国菜,喜欢恶作剧,喜欢下课,喜欢收到别人送来的玫瑰,喜欢被大家关注和妒忌,喜欢这年轻美好的生活。 |
| ● |
| 相关链接 |
|
|
|
正题名:忽然七日
索取号:I712.45/A761
 
预约/预借
| 序号 | 登录号 | 条形码 | 馆藏地/架位号 | 状态 | 备注 |
| 1 | 1287491 | 212874914 | 社科二线422/422社科库 25排3列4层/ [索取号:I712.45/A761] | 在馆 | |
| 2 | 1287492 | 212874923 | 文学库116/116文学库 26排2列4层/ [索取号:I712.45/A761] | 在馆 | |
| 3 | 1287493 | 212874932 | 文学库116/116文学库 26排2列4层/ [索取号:I712.45/A761] | 在馆 |